000 01395nam a22003494a 4500
001 ebr10169936
003 CaPaEBR
006 m u
007 cr cn|||||||||
008 021227s2003 ctua sb 001 0 eng
010 _z 2002156629
020 _z0300099835 (cloth : alk. paper)
040 _aCaPaEBR
_cCaPaEBR
035 _a(OCoLC)182530497
050 1 4 _aQL737.P96
_bR855 2003eb
082 0 4 _a156
_221
100 1 _aRumbaugh, Duane M.,
_d1929-
245 1 0 _aIntelligence of apes and other rational beings
_h[electronic resource] /
_cDuane M. Rumbaugh and David A. Washburn.
260 _aNew Heaven :
_bYale University Press,
_cc2003.
300 _axvii, 326 p. :
_bill.
490 1 _aCurrent perspectives in psychology
504 _aIncludes bibliographical references (p. 291-309) and index.
533 _aElectronic reproduction.
_bPalo Alto, Calif. :
_cebrary,
_d2013.
_nAvailable via World Wide Web.
_nAccess may be limited to ebrary affiliated libraries.
650 0 _aApes
_xPsychology.
650 0 _aAnimal intelligence.
650 0 _aPsychology, Comparative.
655 7 _aElectronic books.
_2local
700 1 _aWashburn, David A.,
_d1961-
710 2 _aebrary, Inc.
830 0 _aCurrent perspectives in psychology.
856 4 0 _uhttp://site.ebrary.com/lib/rucke/Doc?id=10169936
_zAn electronic book accessible through the World Wide Web; click to view
999 _c247050
_d247050